000 00311nam a2200133Ia 4500
008 191201s2008 xx 000 0 und d
100 _aDEVI,RJ
245 0 _aEffective Performance Management Approaches
250 _a1st
260 _aHyderabad
_bIUP
_c2008
300 _a243
650 _aMBA
942 _2ddc
_cBK
999 _c4731
_d4731